| 000 | 01438nam a22003497a 4500 | ||
|---|---|---|---|
| 999 |
_c21578 _d21578 |
||
| 003 | AR-CdUCM | ||
| 008 | 190312b ||||| |||| 00| 0 spa d | ||
| 020 | _a9789972835179 | ||
| 040 |
_aMUNICIPALIDAD PROVINCIAL DEL CUSCO _cBIBLIOTECA MUNICIPAL DEL CUSCO |
||
| 082 |
_a306.089/P78 _bP78 |
||
| 245 |
_aSombras coloniales y globalización en el Perú de hoy / _cGonzalo Portocarrero, editor |
||
| 260 |
_aLima : _bRed para el Desarrollo de las Ciencias Sociales en el Perú, _bPUCP, _bUniversidad del Pacífico, _bIEP, _c2013. |
||
| 300 |
_a388 páginas. : _bilustraciones ; _c23 cm. |
||
| 500 | _aIncluye bibliografías | ||
| 650 |
_aIdentidad cultural _92943 |
||
| 650 |
_aCaracterísticas nacionales peruanas _945411 |
||
| 650 |
_aDiscriminación racial _911668 |
||
| 650 |
_aDiscriminación sexual _945412 |
||
| 650 |
_aDiscriminación racial en la literatura _945413 |
||
| 650 |
_aArte y cultura popular _945414 |
||
| 650 |
_aAutoritarismo _93456 |
||
| 650 |
_aPoder (Ciencias sociales) _95003 |
||
| 650 |
_aRelaciones raciales _921336 |
||
| 650 |
_aPerú _945415 |
||
| 700 |
_aPortocarrero Maisch, Gonzalo (editor) _945416 |
||
| 710 |
_aRed para el Desarrollo de las Ciencias Sociales en el Perú _945417 |
||
| 710 |
_aPontificia Universidad Católica del Perú _9400 |
||
| 710 |
_aUniversidad del Pacífico (Lima) _910408 |
||
| 710 |
_aInstituto de Estudios Peruanos (Lima) _99759 |
||
| 942 |
_2ddc _cLIBROS |
||
| 945 | _aRoel | ||